header

Development without aid (Record no. 1579)

MARC details
000 -LEADER
fixed length control field 01444nam a2200361 a 4500
082 04 - DEWEY DECIMAL CLASSIFICATION NUMBER
Classification number 338.9191724
100 1# - MAIN ENTRY--AUTHOR NAME
Personal name Phillips, David A.
245 10 - TITLE STATEMENT
Title Development without aid
260 ## - PUBLICATION, DISTRIBUTION, ETC. (IMPRINT)
Place of publication London :
Name of publisher Anthem Press,
Year of publication 2013.
300 ## - PHYSICAL DESCRIPTION
Number of Pages viii, 224 p. :
Other physical details ill.
650 #0 - SUBJECT ADDED ENTRY--TOPICAL TERM
Topical Term Economic assistance
856 40 - ELECTRONIC LOCATION AND ACCESS
Uniform Resource Identifier http://site.ebrary.com/lib/rucke/Doc?id=10714307

No items available.

© 2026 Rongo University
Contact us: librarian | system librarian | Rongo university